Uplatnenie tvorivých metód ako podpora práce manažérov v podniku TRENS, a.s. Trenčín : Diplomová práca
Saved in:
| Main Authors: | , |
|---|---|
| Format: | Manuscript Book |
| Language: | Slovak |
| Published: |
Trnava :
STU v Bratislave MtF KPIM,
2004
|
| Subjects: | |
| Tags: |
No Tags, Be the first to tag this record!
|
MARC
| LEADER | 00000ntm a22000003a 4500 | ||
|---|---|---|---|
| 001 | stu89280 | ||
| 005 | 20160719154643.1 | ||
| 008 | 040728s2004----xo------------------slo-d | ||
| 040 | |a STU |b slo | ||
| 041 | 0 | |a slo | |
| 044 | |a xo | ||
| 100 | 1 | |a Horňák, František, |d 1969- |4 xxx |u M4000 |U MTF Materiálovotechnologická fakulta |T MTF Ústav priemyselného inžinierstva a manažmentu |X 1533 |U M4000 |Y 84 |7 1533 | |
| 245 | 1 | |a Uplatnenie tvorivých metód ako podpora práce manažérov v podniku TRENS, a.s. Trenčín : |b Diplomová práca | |
| 260 | |a Trnava : |b STU v Bratislave MtF KPIM, |c 2004 | ||
| 300 | |a 92 s |c príl (CD) | ||
| 650 | 7 | |a priemyselné inžinierstvo a manažment |2 stusub | |
| 700 | 1 | |a Bližnák, Peter |4 aut | |
| 996 | |b 284M059958 |c M*DP-5215 |l MMSKP |s P |a 0 |w stu89280_0001 | ||